Boss

Bibliographic Details
Main Author: Dankaninová, Simona (Author)
Other Authors: Hudák, Branislav (grafik) (Bookjacket designer)
Format: Book
Language:Slovak
PhysicalDescription:432 strán 19 cm
Published: Košice Meridiano-press, s.r.o. 2025
ISBN:9788082142306
Edition:1. vydanie
Series:Moderné romány
Mafia romance
Subjects:

MARC

LEADER 00000cam a2200000 4500
001 vtls012289749
003 SK-MaSNL
005 20260409101748.0
008 260115s2025 xo e 000 f slo
015 |a SNBA2026/04 
020 |a 9788082142306  |q (viazané) 
038 |a SNK 
040 |a SNK  |b slo  |c SNK  |e rda 
041 0 |a slo 
044 |a xo  |c SK 
072 7 |a 821.162.4-3  |x Slovenská próza  |2 konspekt 
080 |a 821.162.4-31  |2 2011 
080 |a (0:82-993)  |2 2011 
100 1 |a Dankaninová, Simona  |4 aut  |9 255659 
245 1 0 |a Boss  |c Dankaninová, Simona 
246 1 |i Obálkový podnázov:  |a Nikdy nevieš, komu môžeš veriť 
250 |a 1. vydanie 
264 1 |a Košice  |b Meridiano-press, s.r.o.  |c 2025 
300 |a 432 strán  |c 19 cm 
336 |a text  |b txt  |2 rdacontent 
337 |a bez média  |b n  |2 rdamedia 
338 |a zväzok  |b nc  |2 rdacarrier 
490 1 |a Moderné romány 
490 1 |a Mafia romance 
500 |a Publikácia má ilustrovanú oriezku 
655 7 |a slovenské romány  |2 SNKPH  |9 70324 
655 7 |a erotické romány  |2 SNKPH  |9 70595 
655 7 |a Slovak fiction  |2 SNKPHeng  |9 277096 
655 7 |a Erotic novels  |2 SNKPHeng  |9 309820 
700 1 |a Hudák, Branislav  |c (grafik)  |4 bjd  |9 68745 
830 0 |a Moderné romány  |9 302729 
830 0 |a Mafia romance  |9 742536 
852 |a Slovenská národná knižnica 
919 |a 978-80-8214-230-6 
954 |a beletria pôvodná (slovenská)  |2 lita 
958 |a LX 
999 |c 3367950  |d 3369880 
952 |t 1  |a SNK  |b SNK  |c SNK_KF  |y PREZ  |7 8  |p 17A1584927  |o snkSD 94127  |i snk2026/4143  |8 0  |g 0.00  |0 0  |1 0  |2 udc  |4 0  |d 2026-03-23  |l 0  |r 2026-03-23 13:04:52  |w 2026-03-23 
952 |t 2  |a SNK  |b SNK  |y VYP  |7 0  |p 17A1584928  |o snkSD 94127 D1  |i snk2026/4145  |8 0  |g 0.00  |0 0  |1 0  |2 udc  |4 0  |d 2026-03-23  |l 1  |r 2026-04-22 16:37:28  |s 2026-03-31  |w 2026-03-23